Object oriented software engineering (OOSE) (Record no. 4930)

MARC details
000 -LEADER
fixed length control field 00530nam a2200157Ia 4500
003 - CONTROL NUMBER IDENTIFIER
control field SGT
020 ## - INTERNATIONAL STANDARD BOOK NUMBER
International Standard Book Number 9789350140000
082 ## - DEWEY DECIMAL CLASSIFICATION NUMBER
Classification number 005.12,CHO
100 ## - MAIN ENTRY--PERSONAL NAME
Personal name CHOPRA, RAJIV
245 ## - TITLE STATEMENT
Title Object oriented software engineering (OOSE)
260 ## - PUBLICATION, DISTRIBUTION, ETC. (IMPRINT)
Name of publisher, distributor, etc S.K. Kataria & SONS
Place of publication, distribution, etc N.Delhi
Year of Publication 2010
300 ## - PAGE DESCRIPTION
No. of Pages 279p.
650 ## - SUBJECT ADDED ENTRY--TOPICAL TERM
Topical term or geographic name as entry element COMPUTER SCIENCE
653 ## - KEYWORDS--INDEX TERM
Keyword term INTRODUCTION TO SOFTWARE ENGINEERING,REQUIREMENTS ELICITATION,MODELING WITH UML,ARCHITECTURE,CONSTRUCTION,ANALYSIS,TESTING APPENDICES,PREVIOUS YEARS EXAMINATION PAPERS
942 ## - ADDED ENTRY ELEMENTS (KOHA)
Source of classification or shelving scheme Dewey Decimal Classification
Koha item type Books
Holdings
Withdrawn status Lost status Source of classification or shelving scheme Damaged status Not for loan Home library Current library Date acquired SGTU Total Checkouts Full call number Accession No. (Barcode) Date last seen Bill Date Koha item type Total Renewals Date last borrowed
    Dewey Decimal Classification     SGT Engineering Library SGT Engineering Library 28/04/2010 SGTU   5.12 CHO FE1008 09/02/2015 09/02/2015 Books    
    Dewey Decimal Classification     SGT Engineering Library SGT Engineering Library 28/04/2010 SGTU 1 5.12 CHO FE1009 30/05/2017 09/02/2015 Books 1 18/01/2017
    Dewey Decimal Classification     SGT Engineering Library SGT Engineering Library 28/04/2010 SGTU   5.12 CHO FE1010 09/02/2015 09/02/2015 Books